El sistema universitario ecuatoriano a la luz de su evaluación 2019-2020 /

Detalles Bibliográficos
Autor principal: Acurio, Juan David (Autor)
Otros Autores: Burbano Villavicencio, Ana María (Editor), Vega Ugalde, Silvia, 1959- (Editor)
Formato: Electrónico eBook
Lenguaje:español
Publicado: Cuenca, Ecuador : Universidad del Azuay, Casa Editora, [2022]
Colección:Homo (Universidad del Azuay, Casa Editora)
Materias:
Acceso en línea:Digitalia Hispánica

MARC

LEADER 00000nam a2200000 i 4500
001 DIGUAZUAY0160
003 NyNyDIG
007 cr |||||||||||
008 251211s2022 ec ad ob 000 0 spa d
006 m o d
035 |a (OCoLC)1420739890 
040 |a DGITA  |b eng  |e rda  |e pn  |c DGITA 
020 |a 9789942847935  |q eBook 
020 |z 9789942847928 
043 |a s-ec--- 
050 1 4 |a LB2379 ebook 
245 0 3 |a El sistema universitario ecuatoriano a la luz de su evaluación 2019-2020 /  |c editoras, Ana María Burbano Villavicencio, Silvia Vega Ugalde ; autores, Juan David Acurio [and 23 others]. 
264 1 |a Cuenca, Ecuador :  |b Universidad del Azuay, Casa Editora,  |c [2022] 
300 |a 1 online resource :  |b illustrations, charts. 
336 |a text  |b txt  |2 rdacontent 
337 |a computer  |b c  |2 rdamedia 
338 |a online resource  |b cr  |2 rdacarrier 
347 |a text file  |2 rdaft 
347 |b PDF 
490 1 |a Homo 
504 |a Includes bibliographical references. 
588 0 |a Online resource; title from PDF title page (Digitalia, viewed December 11, 2025) 
650 0 |a Education, Higher  |z Ecuador  |x Evaluation. 
650 0 |a Academic achievement  |z Ecuador  |x Evaluation. 
700 1 |a Burbano Villavicencio, Ana María,  |e editor. 
700 1 |a Vega Ugalde, Silvia,  |d 1959-  |e editor. 
700 1 |a Acurio, Juan David,  |e author. 
791 2 |a Digitalia (Firm),  |e distributor. 
793 0 |g Digitalia eBook Collection:  |a Universidad del Azuay 
776 0 8 |i Print version:  |t Sistema universitario ecuatoriano a la luz de su evaluación 2019-2020.  |d Cuenca, Ecuador : Universidad del Azuay, Casa Editora, [2022]  |z 9789942847928 
830 0 |a Homo (Universidad del Azuay, Casa Editora) 
856 4 0 |3 Digitalia Hispánica  |u https://www.digitaliapublishing.com/a/133545/ 
910 |a Premium collection: 2025